000 01068nam a2200289 c 4500
003 BLK
005 20180420221025.0
008 180408b bul|||||r ||||||| ||bul||
010 _aKNG00040960000
040 _aBLK
041 _aBUL
_cBUL
080 _aБългарска литература
_b821.163.2
_x-32
_z821.163.2-32
100 1 _aВедрин, Петър
_eпърви автор
_gХристов, Петър Иванов
_9275802
700 1 _aХристов, Петър Иванов
_e*
_9275803
139 _aВедрин, Петър
_bВ 35
245 1 0 _aЧасът на желанията
_bРазкази
_cПетър Ведрин; * Петър Иванов Христов.
257 _aBGR
260 София
_bПрофиздат
_c1967
300 _a76 с.
_c18 см
380 _aX
500 _aИстинското име на авт. Петър Иванов Христов.
852 _aЦб І 9712
856 4 _qpdf
_u
856 4 _qpdf
_u
942 _cKNG
_n0
944 _aCR
_c24.08.2016
_kМилена_Ачева
944 _aED
_c24.08.2016
_kМилена_Ачева
999 _c37788
_d37788